[Event "Mermaid Beach Club"]
[Site "Bermuda"]
[Date "1999.01.21"]
[Round "1"]
[White "Gershon, Alik"]
[Black "Waitzkin, Joshua"]
[Result "1/2-1/2"]
[WhiteElo "2467"]
[BlackElo "2467"]
[Annotator "Huzman,A"]
[PlyCount "122"]
[EventDate "1999.01.21"]
[EventType "tourn"]
[EventRounds "13"]
[EventCountry "BER"]
[EventCategory "9"]
[SourceTitle "CBM 069"]
[Source "ChessBase"]
[SourceDate "1999.04.01"]
[SourceVersion "1"]
[SourceVersionDate "1999.04.01"]
[SourceQuality "1"]

1. d4 {Hecht} d5 2. c4 dxc4 3. e3 Nf6 4. Bxc4 e6 5. Nf3 a6 6. a4 c5 7. O-O Nc6
8. Qe2 Qc7 9. Nc3 Bd6 10. Rd1 O-O 11. Bd2 Bd7 (11... e5 12. dxc5 Bxc5 13. Nd5
Nxd5 14. Bxd5 Qe7 15. Qc4 Bd7 16. Bc3 (16. e4 h6 17. Rac1 Bd6 18. Bc3 Bg4 19.
Bxc6 Bxf3 20. Bxb7 Qg5 21. g3 Bxd1 22. Rxd1 $14 {1/2-1/2 Kunze,C-Hering,F/
Berlin 1994/EXT 94op (26)}) 16... Bd6 17. Qd3 Bc7 18. Be4 Bg4 19. Bxh7+ Kh8 20.
Be4 $16 {1-0 Jaworski,M-Weglarz,L/Lubniewice 1995/EXT 95ch (45)}) (11... b6 12.
d5 exd5 (12... Ne5 13. Nxe5 Bxe5 14. h3 exd5 15. Nxd5 Nxd5 16. Bxd5 Bb7 17. Bc3
Rfe8 18. Bxb7 Qxb7 19. Bxe5 Rxe5 20. Rd6 Rae8 21. Rad1 $14 {1/2-1/2 Gyimesi,
Z-Wells,P/HUN t-ch 1997 (41)}) 13. Nxd5 Nxd5 14. Bxd5 Bb7 15. Bc3 $14 Rae8 (
15... Rad8 16. Qc4 $1 {[%csl Rg7]} Ne7 17. Bxb7 Qxb7 18. Qg4 Ng6 19. h4 $40 {
1-0 Wells,P-Waitzkin,J/London 1998/CBM 66/}) 16. Qc4 Ne5 17. Nxe5 Bxe5 18. Bxb7
Qxb7 19. Rd5 $16 {1-0 Grabarczyk,M-Jaracz,P/Sopot 1997/CBM 59 (90)}) 12. d5
exd5 13. Nxd5 Nxd5 14. Bxd5 Ne7 15. Bc4 Bc6 16. Bc3 (16. h3 Ng6 17. Bc3 Qe7 $5
18. Ne1 Rad8 19. a5 Be5 20. Qc2 Bxc3 21. Qxc3 Ne5 22. Be2 Bb5 23. Rxd8 Rxd8 24.
Rd1 Rxd1 25. Bxd1 Qd6 26. Bc2 f6 $15 {Grabarczyk,M-Ibragimov,I/Groningen op
1997/EXP 62/0-1 (69)}) 16... h6 (16... Bxf3 17. Qxf3 Bxh2+ 18. Kh1 (18. Kf1 Bd6
(18... Be5 19. Bxe5 Qxe5 20. Rd7 $16) 19. Qh5 $44 {[%cal Gf1e2,Gd1h1] with the
ida of Ke2,Rh1}) 18... Be5 (18... Bd6 19. Rd2 Rad8 20. Rad1 Ng6 (20... Nc6 21.
Bxg7 Kxg7 22. Rxd6 Rxd6 (22... Qxd6 23. Rxd6 Rxd6 24. Qg3+ Rg6 25. Qc7 $16) 23.
Qg3+ Kh8 24. Qxd6 $16) 21. Qf5 $44) 19. Bxe5 Qxe5 20. Rd7 $44) (16... Rad8 17.
Ng5 (17. h3 $5 h6 {see game.}) 17... h6 (17... Bxh2+ 18. Kh1 Nd5 19. Bxd5 Bxd5
(19... Rxd5 20. Rxd5 Bxd5 21. Qd3 $18) 20. Qh5 h6 21. Nf3 Bxf3 22. gxf3 Rxd1+ (
22... Bd6 23. Rg1 f6 24. Qxh6 Rd7 (24... Bg3 25. Ba5 $1 $16) 25. Rg4 $40) 23.
Rxd1 Bd6 24. Rg1 (24. Qg4 Be5 25. Rd7 Qb8 $11) 24... f6 25. Qxh6 Be5 $11)) 17.
h3 Rad8 18. Nh4 {[%cal Ge2g4,Gg4g7,Gc3g7]} (18. e4 Ng6 $1 $132) (18. b3 $5 {
[%cal Ge2b2,Gb2g7]} Rfe8 19. Qb2 Bxf3 20. gxf3 Qc8 $1 21. Bf1 (21. Kg2 Qf5 {
[%csl Rg2][%cal Ye7g6,Yg6h4]}) 21... Qe6) 18... Bh2+ $1 (18... Be5 $6 19. Rxd8
Rxd8 20. Qh5 Bh2+ 21. Kh1 Bd5 22. b3 Bxc4 23. bxc4 Rd3 24. Rc1 $16) (18... Nd5
19. Bxd5 Bxd5 20. Rxd5 Bh2+ 21. Kh1 Rxd5 22. f4 Bxf4 23. exf4 Qxf4 24. Nf3 $14)
19. Kh1 Rxd1+ 20. Rxd1 Be5 $11 21. Bxe5 Qxe5 22. a5 Re8 $6 (22... Qf6 $5 23.
Nf3 (23. Qh5 Qxf2 24. Rf1 Qxe3 25. Rxf7 Qxh3+ (25... Rxf7 26. Bxf7+ Kh7 $17)
26. Kg1 Qe3+ 27. Kh2 Rxf7 28. Qxf7+ Kh7 29. Ng6 $140 Qg5 $1 $19) 23... Bxf3 (
23... Ng6 24. Bd5 Rd8 25. Bxc6 (25. Qc4 Bxd5 26. Rxd5 Rxd5 27. Qxd5 Qxb2 28.
Qxc5 Qxf2 29. Qc8+ Kh7 30. Qxb7 $11) 25... Rxd1+ 26. Qxd1 Qxc6 27. Qd8+ Kh7 28.
Qd3 $1 $14 {/=}) 24. Qxf3 (24. gxf3 Nc6 $15 {[%csl Ra5]}) 24... Qxf3 25. gxf3
Nc6 26. Rd5 (26. Ra1 Rd8 $17) 26... Nxa5 27. Rxc5 Nxc4 28. Rxc4 Rd8 $15) 23.
Rd2 $2 (23. Nf3 Qc7 24. Qd2 $11) 23... Nd5 (23... Qc7 $5 24. Nf3 (24. Qh5 Rf8
25. Nf3 Qxa5 26. Rd1 Bxf3 27. Qxf3 b5 $17) 24... Rf8 $5 $17 {[%csl Ra5]}) 24.
Qd3 (24. Nf3 Qe4 25. Qd3 $11) 24... Nc7 $2 (24... Nb4 25. Qf5 Qxf5 26. Nxf5 $36
) (24... Nf6 25. Qg6 Bd5 (25... Nd5 26. Qf5 $1 $14) 26. Bxd5 Nxd5 27. Qc2 (27.
Qf5 Nf6 (27... Qxf5 28. Nxf5 $16) 28. Qxe5 Rxe5 29. Nf3 Rd5 $11) 27... Nb4 28.
Qf5 Qxf5 29. Nxf5 Nc6 30. Rd7 $132) (24... Nf4 $5 25. Qd6 (25. exf4 Qxf4 26.
Bxf7+ Kxf7 $15) 25... Qxd6 26. Rxd6 Nxh3 27. f3 Ng5 28. Nf5 $44) 25. Qf5 $1 $14
Qxf5 (25... Qe7 26. Ng6 Qf6 27. Qxf6 gxf6 28. Nf4 $16 {[%csl Rf6,Rf7,Rh6]}) 26.
Nxf5 Kf8 27. f3 $1 {[%csl Rc6][%cal Ge3e4]} h5 (27... g6 28. Nxh6 Rxe3 29. Nxf7
Re1+ 30. Kh2 Ra1 31. Ne5 $16) 28. e4 f6 $2 {[%cal Yg7g6]} (28... Rb8 $16) 29.
Nh4 $1 g5 30. Nf5 $16 {[%csl Gf5]} Nb5 31. Bxb5 $5 {It was wiser to improve
position of a King first and leave Black any counter-chances.} (31. Kg1 $142 $1
) 31... axb5 $8 (31... Bxb5 32. Rd6 Kf7 33. Rb6 $18) 32. Rd6 Ra8 (32... Kf7 33.
Rxc6 bxc6 34. Nd6+ Ke7 35. Nxe8 $18) 33. Rxf6+ Ke8 34. e5 (34. Rg6 Rxa5 35.
Rxg5 Ra2 $132) 34... Rxa5 35. e6 Ra1+ 36. Kh2 Re1 37. Rh6 (37. Rg6 Kf8 (37...
Kd8 38. e7+ Kd7 39. Rxg5 c4 40. Rxh5 b4) 38. Rh6 Kg8 39. Rxh5 Rxe6 40. Rxg5+
$16) 37... Kd8 38. e7+ Kc7 39. Rxh5 c4 40. Rxg5 b4 41. Nd4 {[%cal Gg5c5]} (41.
Rg4 b5 42. Re4 $2 Rxe4 43. fxe4 c3 44. bxc3 (44. Nd4 cxb2 45. Nxc6 Kd7 $19)
44... b3 45. Nd4 b2 46. Nxc6 Kd7 $19) 41... Kb6 $1 {White had won 2 pawns,but
Black has dangerous counterplay,similiar to Botvinnik variation. And as well
as their it is very difficult to give precise analysis of the position.} (41...
Rxe7 42. Rc5 $18) (41... Kd6 $5 42. h4 c3 43. bxc3 bxc3 44. h5 $18) (41... c3
42. bxc3 bxc3 43. Rc5 $18) 42. Rg4 (42. Rg7 Be8 (42... c3)) (42. Nc2 Rxe7 (
42... Re2 43. Nxb4 Bxf3 44. e8=Q $18) 43. Nxb4 Re2 44. Nxc6 Kxc6 $132) 42...
Ba4 (42... Bd7 43. Nc2 $5 Bxg4 44. Nxe1 Bd7 45. h4 Be8 46. g4 Kc7 47. h5 Kd7
48. Nc2 (48. Kg3 Kxe7 49. Kf4 $16 {.+-}) 48... c3 49. bxc3 bxc3 50. f4 Kxe7 51.
h6 Kf7 52. f5 Ba4 53. Ne1 $16) (42... c3 43. bxc3 bxc3 44. Nxc6 bxc6 45. Re4
$18) 43. b3 (43. Re4 Rxe4 44. fxe4 Kc5 45. Nc2 b3 46. Na3 c3 47. bxc3 Kd6 48.
Nc4+ Kxe7 49. Kg3 $16) 43... cxb3 44. Nxb3 Kb5 45. Re4 $2 (45. Nd4+ Kc5 46. Nf5
Bd7 $132) 45... Rxe4 46. fxe4 {Hecht: 'Dank des vorderen b-Bauern und seiner
weitaus besseren Königsstellung kann Schwarz mühelos remisieren. '} Kc4 47.
Na5+ (47. h4 $5 Kxb3 48. h5 Kc4 49. h6 b3 50. h7 b2 51. h8=Q b1=Q 52. e8=Q Bxe8
53. Qxe8 $14) 47... Kc5 $1 (47... Kd4 48. h4 Ke5 (48... Kxe4 49. Nxb7 Kf5 50.
Nc5 Be8 51. Kg3 Kf6 52. Kf4 Kxe7 53. Kg5 Kf7 54. h5 Kg7 55. g4 Bf7 $11) 49.
Nxb7 $16) 48. e5 (48. Nxb7+ Kd4 (48... Kb6 {Hecht} 49. Nd6 b3 50. Nc4+ Kc5 51.
Nb2 Be8 {[%cal Rc5d4,Rd4c3]} 52. Kg3 Kd4 53. Kf2 Kc3 54. Nd1+ Kd2 55. Ne3 Kd3
56. Nd1 Kd2 57. Nb2 Kc3 $11) 49. Na5 Kxe4 $11 {[%cal Ye4e7]}) (48. h4 $1 b6 $1
(48... Kd6 49. Kg3 Kxe7 50. Nc4 {winning}) 49. h5 bxa5 50. h6 b3 51. h7 b2 52.
h8=Q b1=Q 53. Qe5+ Kc4 54. Qd5+ $1 $18) 48... Kd5 49. h4 Kxe5 50. Nxb7 Kf6 $11
51. Nc5 Be8 52. Kg3 Kxe7 53. Kf4 Kf6 54. g4 Kg6 55. Ke4 Bc6+ 56. Ke5 Bf3 57.
Kf4 Bd5 58. Nd3 b3 59. g5 Bc6 60. Nb2 Kh5 61. Kg3 Bb5 1/2-1/2

[Event "Mermaid Beach Club"]
[Site "Bermuda"]
[Date "1999.01.28"]
[Round "8"]
[White "Gershon, Alik"]
[Black "Thorhallsson, Throstur"]
[Result "1/2-1/2"]
[WhiteElo "2460"]
[BlackElo "2499"]
[Annotator "Huzman,A"]
[PlyCount "192"]
[EventDate "1999.01.21"]
[EventType "tourn"]
[EventRounds "13"]
[EventCountry "BER"]
[EventCategory "9"]
[SourceTitle "CBM 069"]
[Source "ChessBase"]
[SourceDate "1999.04.01"]
[SourceVersion "1"]
[SourceVersionDate "1999.04.01"]
[SourceQuality "1"]

1. d4 {Hecht} d5 2. c4 dxc4 3. e3 Nf6 4. Bxc4 e6 5. Nf3 a6 6. O-O c5 7. Bd3
cxd4 8. exd4 Be7 9. Ne5 O-O 10. Nc3 b5 11. Qf3 Ra7 12. a3 $6 (12. Qh3 b4 13.
Bg5 g6 14. Na4 (14. Bxf6 Bxf6 15. Ne4 Bg7 $15) 14... Nd5 15. Bxe7 Nxe7 16. Rfd1
$14) (12. Bg5 Rc7 13. Rad1 Bb7 14. Qh3 g6 15. Rfe1 b4 16. Na4 Bd5 17. Nc5 Nbd7
18. Nxa6 $16 {1-0 Gelfand,B-Lautier,J/Cap d'Agde 1994/CBM 43 ext/[Gelfand] (38)
}) 12... Rc7 (12... Bb7 13. Qh3 Nc6 14. Be3 (14. Bg5 g6 15. Bh6 (15. Qh4 Nd5)
15... Re8 16. Rad1 Nxd4 17. Be3 Bc5 18. Bb1 Qd6 $13) 14... Ra8 (14... Nxd4 15.
Rfd1 Bc5 16. Qh4 $1 $16 {[%cal Gd3h7,Gh4h7,Rh4d4,Rd1d8,Re3d4]}) 15. Rad1 $36) (
12... Nd5 13. Nxd5 Qxd5 14. Be4 $1 (14. Qxd5 exd5 15. Bf4 f6 16. Nf3 Nc6 17.
Rac1 Bd7 18. Bb1 Na5 $1 $11) 14... Qd8 15. Be3 (15. Qd3 $5 h6 16. Be3 $14)
15... f5 16. Bc6 Rc7 (16... f4 17. Bd2 Qxd4 18. Bc3 $44) 17. d5 Bf6 $1 (17...
Bd6 18. Bd4 $16) 18. Qg3 (18. Bd4 Nxc6 19. Nxc6 Rxc6 20. Bxf6 Qxd5 $11) 18...
Bxe5 (18... exd5 19. Bb6 $16) 19. Qxe5 Nxc6 20. dxc6 Rxc6 21. Rac1 $44) 13. Qh3
$2 (13. Qg3 Bb7 (13... Nc6 14. Nxc6 Rxc6 15. Bh6 Ne8 16. Be3 $14 {/=}) 14. Bh6
Ne8 15. Be3 Nc6 16. Rad1 b4 $132) 13... g6 $2 (13... Qxd4 $1 14. Bg5 h6 (14...
g6 15. Rfe1 Ng4 $1 16. Nxg4 (16. Bxe7 $140 Qxf2+ 17. Kh1 Qxe1+ 18. Rxe1 Nf2+
19. Kg1 Nxh3+ 20. gxh3 Rxe7 $19) 16... Bxg5 17. Rad1 Qg7 18. Qg3 Bd8) 15. Bxf6
Bxf6 16. Ng4 Bg5 $17) 14. Bh6 Re8 15. Rad1 {[%cal Gd3b1,Gb1a2,Ga2f7]} Nd5 (
15... Bb7 16. Rfe1 Nc6 $140 17. Nxf7 $1 $18) (15... Nc6 16. Bb1) 16. Qf3 $1 Bg5
(16... f6 $2 17. Nxg6 hxg6 18. Nxd5 exd5 (18... Qxd5 19. Qg3 $18) 19. Bxg6 Bf8
20. Bf4 $16) 17. Bxg5 Qxg5 18. Nxd5 (18. Ne4 Qe7) 18... exd5 19. Qxd5 (19. Bb1
Nc6 $1 20. Qc3 $140 $2 Nxe5 $1 21. Qxc7 Bh3 22. g3 Nf3+ 23. Kh1 Bxf1 24. Rxf1
Qg4 $19) 19... Bb7 (19... Rd8 20. Qe4 Bb7 21. f4 (21. Qg4 Qxg4 22. Nxg4 Rxd4
23. Nf6+ Kf8 $8 $11 (23... Kh8 24. Bxb5 $18)) 21... Qe7 $1 (21... Bxe4 22. fxg5
Rxd4 23. Rf4 Re7 24. Rxe4 Rxe4 25. Bxe4 Rxe5 26. Bb7 $16) (21... Qf6 22. Qe3
Qb6 23. Be4 $16) 22. Qe3 f6 23. Ng4 Qxe3+ 24. Nxe3 Rcd7 (24... Rxd4 25. Bc4+ $1
Rcxc4 26. Nxc4 Rxc4 27. Rd8+ $18) 25. Nc2 Nc6 26. Be4 $14) 20. f4 Qxf4 21. Qd6
Qg5 (21... Qe3+ 22. Rf2 $16 {[%cal Ge5g4,Gg4f6]}) 22. Rf2 Qd8 (22... Rc1 $1 23.
Rxc1 Qxc1+ 24. Bf1 $16) (22... Rce7 23. Bb1 $5 {[%cal Gb1a2,Ga2f7]} Re6 (23...
Nd7 24. Ba2 Nxe5 25. dxe5 $36) (23... Kg7 24. Rdf1) 24. Qc7 R6e7 25. Qc1 Qxc1
26. Rxc1 Nd7 $11) 23. Rf6 $1 Qxd6 (23... Kg7 24. Rdf1 $36) 24. Rxd6 Nc6 25. Nd7
Kg7 26. Nc5 $1 (26. Nf6 Rh8 27. Rc1 Rcc8 $11) 26... Bc8 27. b4 $14 Kf8 28. Rc1
Nd8 (28... Ke7 $2 29. Ne4 f5 30. Nf6 Rf8 31. Rdxc6 Rxc6 32. Rxc6 $18) 29. d5
Nb7 30. Rb6 Nxc5 $2 (30... Re5 $1 31. Ne6+ Rxe6 32. Rxc7 Rxb6 33. Rxc8+ Ke7 34.
Rc7+ Kf6 $14) 31. Rxc5 (31. bxc5 Re5 32. Rd6 Ke7 {[%csl Rd6]}) 31... Rd7 32. d6
Bb7 33. Rc7 Rxc7 34. dxc7 Bc8 35. a4 Re7 $2 (35... bxa4 36. Bxa6 a3 $1 (36...
Ke7 37. Bb5 a3 38. Rb8 a2 39. Ra8 Bd7 40. Ra7 Rc8 $11) 37. Bxc8 (37. Bc4 Re7
38. Rc6 Re1+ (38... Ke8 39. b5 Kd7 40. Kf2 Re5 $11) 39. Kf2 Rc1 $15) 37... a2
38. Ra6 Rxc8 $11) 36. axb5 axb5 37. Rc6 $16 Rd7 (37... Re5 38. Rd6) 38. Bxb5
Rd1+ 39. Kf2 Ke7 40. Be2 Rd6 41. Rc2 $18 Rb6 42. b5 Kd6 43. Ke3 Rb7 44. Rc6+
Kd7 45. Bc4 Rxc7 46. Rxc7+ Kxc7 47. Bxf7 Bd7 48. Bc4 g5 49. Kd4 Kd6 50. Bd3 h5
51. b6 h4 (51... Kc6 $2 52. Bb5+) 52. b7 Kc7 53. Be4 g4 54. Ke5 Bb5 55. Kf4 Be2
56. h3 $4 (56. Kg5 h3 57. g3 Kb8 58. Kh4 Kc7 59. Bf5 $18 {[%csl Rg4,Rh3]})
56... gxh3 57. gxh3 Ba6 58. Kg5 {[%tqu "En","Can Black save a game?","","",
"a6b7","",10]} Bxb7 59. Bxb7 {[%csl Ya6,Ya7,Ya8,Yb5,Yb6,Yb7,Yb8,Yc4,Yc5,Yc6,
Yc7,Yc8,Yd5,Yd6,Yd7,Yd8,Ye4,Ye5,Ye6,Ye7,Ye8,Yf5,Yf6,Yf7,Yf8,Yg6,Yg7,Yg8,Yh7,
Yh8][%mdl 4512] Hecht: '(Siehe auch Short,N-Yermolinsky,A, Wijk aan Zee 1997)
Wenn der schwarze König nicht unmittelbar die Ecke h8 erreichen kann, so muß
er sich innerhalb der gelb markierten Zone aufhalten, um das Remis zu
erreichen. Insbesondere muß er nach e7 gehen können, sobald der Bh4 geschlagen
wird, wobei der Läufer nicht auf der Diagonalen a2-g8 stehen darf. Die
Remiszone darf nur kurzfristig verlassen werden, um sofort dorthin
zurückzukehren. Die Abdrängung in südliche Gefilde ist also strikt zu
vermeiden.'} Kd7 $1 $11 (59... Kxb7 $4 60. Kxh4 $18) 60. Kf6 Ke8 61. Kg7 (61.
Kg7) 61... Ke7 62. Bd5 Ke8 63. Be6 Ke7 64. Bf7 Kd8 65. Kf6 Kd7 66. Bg6 Kd8 67.
Ke6 Kc7 68. Be8 Kd8 69. Ba4 Kc7 70. Ke7 Kc8 71. Bb5 Kc7 72. Bd7 Kb8 73. Kd6 Kb7
74. Be6 Kb8 75. Kc6 Ka7 76. Kc7 Ka8 77. Bd5+ Ka7 78. Bh1 Ka6 79. Kb8 Kb6 80.
Bb7 Kc5 81. Kc7 Kb5 82. Bc8 Kc5 83. Bg4 Kb5 84. Be2+ Kc5 85. Bf3 Kb5 86. Bb7
Kc5 87. Bc6 Kb4 88. Kd6 Ka5 89. Bd5 Kb6 90. Kd7 Kc5 91. Ke6 Kb6 {'!' Hecht.
Hecht: 'Schwarz behandelt das Endspiel mit der gebotenen Sorgfalt'} (91... Kd4
$2 {Hecht} 92. Kd6 Kc3 {bewegt sich außerhalb der Remiszone und kann auch via
h6 nicht dorthin zurückkehren!} 93. Kc5 Kd3 94. Bb7 Ke3 95. Kd5 Kf4 96. Ke6 Kg5
{Der schwarze König wird zunächst am Betreten von h8 gehindert und
anschließend längs der Diagonalen h6-g5-f4-e3, die nicht zur Remiszone gehört,
zurückgedrängt.} 97. Be4 Kh6 98. Kf6 Kh5 99. Kg7 Kg5 100. Bg6 Kf4 101. Kf6 Kg3
102. Bf5 Kf4 103. Be6 Ke4 104. Kg5 Ke5 105. Ba2 Kd6 106. Kxh4 Ke7 107. Kg5 Kf8
108. Kf6 $18) 92. Kd6 Ka7 93. Ke5 Kb6 94. Kd6 Ka7 95. Bc4 Kb6 96. Bb3 Kb7
1/2-1/2

[Event "Poikovsky Karpov 05th"]
[Site "Poikovsky"]
[Date "2004.03.24"]
[Round "7"]
[White "Bologan, Viktor"]
[Black "Rublevsky, Sergei"]
[Result "1/2-1/2"]
[WhiteElo "2679"]
[BlackElo "2655"]
[Annotator "Huzman,A"]
[PlyCount "139"]
[EventDate "2004.03.17"]
[EventType "tourn"]
[EventRounds "9"]
[EventCountry "RUS"]
[EventCategory "18"]
[SourceTitle "CBM 100"]
[Source "ChessBase"]
[SourceDate "2004.06.01"]
[SourceVersion "1"]
[SourceVersionDate "2004.06.01"]
[SourceQuality "1"]

1. d4 d5 2. c4 dxc4 3. e3 e6 4. Bxc4 c5 5. Nf3 a6 6. O-O Nf6 7. Bb3 b5 8. a4 b4
9. e4 cxd4 10. Nbd2 Be7 11. e5 Nfd7 12. Nc4 Nc6 13. Nxd4 (13. Bg5 O-O 14. Bxe7
Qxe7 15. Rc1 Bb7 16. Bc2 Rab8 17. Nxd4 {1/2-1/2 Gleizerov,E-Skripchenko
Lautier,A/Saint Vincent 2001/CBM 80 ext (17)}) (13. a5 Nc5 14. Ba4 Nxa4 15.
Qxa4 Bd7 16. Qb3 O-O 17. Rd1 Be8 {1/2-1/2 Prokopchuk,E-Volzhin,A/Tomsk 2001/
CBM 82 ext (17)}) (13. Bf4 Nc5 14. Nd6+ Bxd6 15. exd6 Nxb3 16. Qxb3 O-O 17.
Rfd1 Qf6 18. Qc2 Bd7 19. Bg5 Qg6 20. Qxg6 hxg6 21. Nxd4 Nxd4 22. Rxd4 f6 23.
Be3 a5 $14 {1/2-1/2 Peng,Z-Skripchenko Lautier,A/Leon 2001/EXT 2002 (40)})
13... Ncxe5 (13... Ndxe5 14. Nxc6 Qxd1 (14... Nxc6 15. Qxd8+ Bxd8 16. Rd1 O-O
17. Be3 Bf6 18. Rac1 $44) 15. Rxd1 Nxc6 16. Bf4 Bb7 17. Rac1 $44) 14. Be3 (14.
Bf4 Nxc4 15. Nc6 (15. Bxc4 Nb6 16. Bb3 Bf6 17. Nc6 Qxd1 18. Rfxd1 O-O 19. a5
$14 {1/2-1/2 Lautier,J-Rublevsky,S/Poikovsky 2003/CBM 95/[Huzman] (50)}) 15...
Qb6 16. Nxe7 Kxe7 17. Bxc4 $44 {1/2-1/2 Chabanon,J-Skripchenko,A/Aix les Bains
FRA 2003/The Week in Chess 460 (43)}) (14. Qe2 $5 Nxc4 (14... Ng6 15. Nc6 Qc7
16. Nxe7 Nxe7 17. Rd1 O-O 18. Be3 Nd5 19. Rac1 $44) 15. Nc6 Qc7 16. Nxe7 Na5
17. Bd5 Bb7 18. Bxb7 Qxb7 19. Bg5 h6 20. Ng6 $13) 14... O-O 15. Nxe5 Nxe5 16.
f4 Ng6 17. Qf3 (17. Nc6 Qe8 18. Rc1 Bf6 (18... Bb7 19. Nxe7+ Nxe7 20. Bc5 Rd8
21. Qe2 Qd7 $11) 19. Rf2 Bb7 20. Nxb4 Nh4 $5 $132) (17. f5 exf5 18. Nxf5 Bxf5
19. Rxf5 Bf6 $17) 17... Bd7 18. Rad1 Qa5 19. f5 exf5 20. Nxf5 Qxf5 21. Qxf5
Bxf5 22. Rxf5 Bf6 $11 23. Bd4 Rfd8 (23... Bxd4+ 24. Rxd4 Ne7 25. Rc5 $1 a5 26.
Rc7 $44) 24. Bxf6 gxf6 25. Rxf6 (25. Rxd8+ Rxd8 26. Rxf6 Ne5 {-see game} (26...
Rd2 27. Rf2 $1 $14)) 25... Rxd1+ 26. Bxd1 Rd8 27. Bb3 Ne5 $1 28. Rxa6 (28. Rf5
Rd3 29. Bc2 Rd2 30. Rf2 Rd4 $11) 28... Rd2 $132 29. Rb6 $2 (29. Ra5 $1 Rxb2 30.
Rxe5 Rxb3 $11) 29... Rxb2 30. Bd5 (30. Rxb4 $4 Rb1+ 31. Kf2 Nd3+ $19) 30... Ng4
$17 31. Be4 Re2 32. Bd3 Re1+ 33. Bf1 Rb1 34. a5 $8 Ne3 35. Kf2 Nxf1 36. a6 Ra1
37. Rxb4 Nxh2 38. a7 Rxa7 39. Kg1 $15 Nf3+ 40. gxf3 Ra2 41. Rg4+ Kh8 42. Rf4
Kg7 43. Rg4+ Kh6 44. Rh4+ Kg6 45. Rg4+ Kf6 46. Rh4 Kg7 47. Rg4+ Kh8 48. Rf4 Ra7
49. Kg2 $11 {This endgame is a teoretical draw even without pawn f3 but Black
played some more moves.} h6 50. Kg3 Kh7 51. Rf6 Kg7 52. Rb6 Re7 53. f4 Re6 54.
Rb5 Rg6+ 55. Kh4 Kf6 56. Kh3 Rg1 57. Ra5 Kg6 58. Kh4 Rf1 59. Kg4 h5+ 60. Kg3
Rg1+ 61. Kf2 Rg4 62. Kf3 Kh6 63. Ra8 Rh4 64. Ke4 Kg6 65. Rg8+ Kf6 66. Kf3 Rh3+
67. Kg2 Rc3 68. Rg5 h4 69. Rh5 Rg3+ 70. Kf2 1/2-1/2